000 00683nam a2200241Ia 4500
003 OSt
005 20230602104014.0
008 210423s2015 xx 000 0 und d
020 _a978-93-83028-72-6
040 _cAL
041 _aeng
082 _a363.34 GAUE
100 _aGAUR (N.K)
_9118587
245 _aEncyclopaedia of disaster management: an analysis Vol 1
260 _aNew Delhi
_bAdvance learner press
_c2015
300 _a302
_bHB
365 _b1475
_cINR
440 _v1
650 _aOther Social Problems
_9118588
650 _aSocial Sciences
_9118589
906 _aan ; analysis ; calamity ; disaster ; Encyclopedia ; management: ; Vol
942 _2ddc
_cBK
999 _c176451
_d176451